Микрокомпонентный состав торфов и торфяных вод Обского, Таганского и южной части Васюганского торфяных месторождений; Известия Томского политехнического института [Известия ТПИ]; Т. 178 : Комплексное использование торфа в сельском хозяйстве Западной Сибири

Detalles Bibliográficos
Parent link:Известия Томского политехнического института [Известия ТПИ]/ Томский политехнический институт (ТПИ).— , 1944-1976
Т. 178 : Комплексное использование торфа в сельском хозяйстве Западной Сибири.— 1969.— [С. 84-91]
Autor Principal: Рассказов Н. М. Николай Михайлович
Outros autores: Солодовникова Р. С., Головина М. Р.
Summary:Заглавие с титульного листа
Электронная версия печатной публикации
Idioma:ruso
Publicado: 1969
Subjects:
Acceso en liña:Черно-белая версия для предварительного просмотра
Цветная версия без потери качества
Formato: MixedMaterials Electrónico Capítulo de libro
KOHA link:https://koha.lib.tpu.ru/cgi-bin/koha/opac-detail.pl?biblionumber=213478

MARC

LEADER 00000nla2a2200000 4500
001 213478
005 20231031193125.0
035 |a (RuTPU)RU\TPU\book\233274 
035 |a RU\TPU\book\233273 
090 |a 213478 
100 |a 20120411d1969 k y0rusy50 ca 
101 0 |a rus 
102 |a RU 
135 |a drnn ---uucaa 
181 0 |a i  
182 0 |a b 
200 1 |a Микрокомпонентный состав торфов и торфяных вод Обского, Таганского и южной части Васюганского торфяных месторождений  |b Электронный ресурс  |f Н. М. Рассказов, Р. С. Солодовникова, М. Р. Головина 
203 |a Текст  |c электронный 
215 |a 2 файла (702 Кб, 16.1 Мб) 
230 |a Электронные текстовые данные (2 файла : 702 Кб, 16.1 Мб) 
300 |a Заглавие с титульного листа 
300 |a Электронная версия печатной публикации 
320 |a [Библиогр.: с. 91 (3 назв.)] 
337 |a Adobe Reader 
461 1 |0 (RuTPU)RU\TPU\book\200995  |t Известия Томского политехнического института [Известия ТПИ]  |f Томский политехнический институт (ТПИ)  |d 1944-1976 
463 1 |0 (RuTPU)RU\TPU\book\233231  |t Т. 178 : Комплексное использование торфа в сельском хозяйстве Западной Сибири  |v [С. 84-91]  |d 1969  |p 168 с. 
610 1 |a электронный ресурс 
610 1 |a труды учёных ТПУ 
700 1 |a Рассказов  |b Н. М.  |c геолог  |c профессор Томского политехнического университета, доктор геолого-минералогических наук  |f 1932-  |g Николай Михайлович  |2 stltpush  |3 (RuTPU)RU\TPU\pers\22123 
701 1 |a Солодовникова  |b Р. С. 
701 1 |a Головина  |b М. Р. 
801 1 |a RU  |b 63413507  |c 20090320  |g PSBO 
801 2 |a RU  |b 63413507  |c 20120912  |g PSBO 
856 4 |u http://www.lib.tpu.ru/fulltext/v/Bulletin_TPU/1969/v178/15_bw.pdf  |z Черно-белая версия для предварительного просмотра 
856 4 |u http://www.lib.tpu.ru/fulltext/v/Bulletin_TPU/1969/v178/15_full.pdf  |z Цветная версия без потери качества 
942 |c CF